Statistiche per Paesi più vicini all'Albania

Clicka qui per fare il quiz!

Statistiche generali

  • Questo quiz è stato fatto 95 volte
  • Il punteggio medio è 17 su 20

Statistiche sulle risposte

kmnazione% Corretto
73Italia
100%
0Grecia
99%
70Croazia
96%
0Macedonia del Nord
96%
0Montenegro
96%
266Romania
96%
467Slovenia
96%
38Serbia
95%
148Bulgaria
94%
0Kosovo
94%
420Turchia
93%
532Austria
90%
76Bosnia ed
Erzegovina
86%
357Ungheria
85%
574Slovacchia
80%
570Città del Vaticano
74%
638Malta
74%
587San Marino
74%
640Ucraina
66%
698Czechia
1%

Distribuzione punteggi

Percentile per numero di risposta

Percentuale di utenti per punteggio

I tuoi punteggi nel tempo

Non hai fatto questo quiz